|
|
|
|
| LEADER |
00000cam a2200000 7i4500 |
| 001 |
0000016540 |
| 005 |
20080429.0 |
| 008 |
250408 |
| 020 |
|
|
|a 9837204095
|
| 090 |
0 |
0 |
|a 413
|b MAR
|
| 100 |
1 |
|
|a Marshall, David
|
| 245 |
1 |
0 |
|a Dictionary of synonyms & antonyms
|c By David Marshall
|
| 260 |
|
|
|a Kuala Lumpur :
|b Golden Books Centre Sdn.Bhd ,
|c 1999
|
| 650 |
|
0 |
|a Antonyms
|x Dictionaries
|
| 650 |
|
0 |
|a Synonyms
|x Dictionaries
|
| 999 |
|
|
|a 0000926368
|b Book
|c REFERENCE
|e Cawangan Bukit Gambir
|
| 999 |
|
|
|a 0000926369
|b Book
|c REFERENCE
|e Cawangan Bukit Gambir
|
| 999 |
|
|
|a 0000935952
|b Book
|c REFERENCE
|e Cawangan Tangkak
|
| 999 |
|
|
|a 0001012666
|b Book
|c REFERENCE
|e Perbadanan Perpustakaan Awam Johor
|
| 999 |
|
|
|a 0001012668
|b Book
|c REFERENCE
|e Perbadanan Perpustakaan Awam Johor
|